000 00757nam a2200253Ia 4500
003 OSt
005 20220925201125.0
006 a|||||r|||| 00| 0
007 ta
008 220923b |||||||| |||| 00| 0 eng d
037 _cGeneral Book
040 _aRTL
_cRTL
_beng
041 _2eng
_aeng
082 _aX:8:(T).2.N8, M7
100 _aSanwal Mukul
_9259610
110 _aIndia, Personnel and Training (Deptt of...)
245 0 _aTraining of public servants potential pitfalls and
260 _aDelhi
_bM O P India
_c1987
300 _a28p.
_ccm.
650 _aManagement
_930681
700 _aIndia, Personnel and Training (Deptt of...)
942 _hX:8:(T).2.N8, M7
_cGB
_2CC
999 _c539080
_d539080